|
|
|
|
| LEADER |
01002nam a2200301 4500 |
| 001 |
DLU090092526 |
| 005 |
##20091201 |
| 040 |
# |
# |
|a DLU
|b eng
|
| 041 |
# |
# |
|a eng
|
| 044 |
# |
# |
|a us
|
| 245 |
# |
# |
|a Identification of two-component regulatory systems in bifidobacterium infantis by functional complementation and degenerate PCR approaches /
|c Laura E. MacConaill ... [et al.].
|
| 653 |
# |
# |
|a Bacteria
|
| 653 |
# |
# |
|a Bifidobacterium infantis
|
| 700 |
# |
# |
|a Butler, Derek.
|
| 700 |
# |
# |
|a Fitzgerald, Gerald F.
|
| 700 |
# |
# |
|a MacConaill, Laura E.
|
| 700 |
# |
# |
|a O'Connell-Motherway, Mary.
|
| 700 |
# |
# |
|a Sinderen, Douwe van.
|
| 773 |
# |
# |
|t Applied and Environmental Microbiology
|g Vol. 69, no. 7 (July 2003), p. 4219-4226
|
| 920 |
# |
# |
|a Phòng Tạp chí -- Trung tâm Thông tin - Thư viện Trường Đại học Đà Lạt
|
| 994 |
# |
# |
|a DLU
|
| 900 |
# |
# |
|a True
|
| 911 |
# |
# |
|a Trương Bảo Trâm Anh
|
| 925 |
# |
# |
|a G
|
| 926 |
# |
# |
|a A
|
| 927 |
# |
# |
|a BB
|
| 980 |
# |
# |
|a Thư viện Trường Đại học Đà Lạt
|